Prístupy k daňovej zaťaženosti

Makroekonomický prístup k problematike daňovej zaťaženosti. Daňová zaťaženosť sa odborne označuje ako daňová kvóta I., resp. čistá daňová zaťaženosť - je to makroekonomický ukazovateľ. Posudzovanie daňového zaťaženia v daňovej politike SR. Daňové a príspevkové zaťaženie v SR.

Salvato in:
Dettagli Bibliografici
Autore principale: Rabatinová, Marcela, 1977-
Natura: Capitolo di libro
Lingua:slovacco
Soggetti:
Tags: Aggiungi Tag
Nessun Tag, puoi essere il primo ad aggiungerne!!

MARC

LEADER 00000naa$a2200000$$$4500
001 0007074
005 20221128120934.3
041 0 |a slo 
044 |a SK 
245 1 0 |a Prístupy k daňovej zaťaženosti  |c Marcela Rabatinová 
520 |a Makroekonomický prístup k problematike daňovej zaťaženosti. Daňová zaťaženosť sa odborne označuje ako daňová kvóta I., resp. čistá daňová zaťaženosť - je to makroekonomický ukazovateľ. Posudzovanie daňového zaťaženia v daňovej politike SR. Daňové a príspevkové zaťaženie v SR. 
610 2 0 |a politika daňová 
610 2 0 |a Slovensko 
610 2 0 |a zaťaženie daňové 
610 2 0 |a ukazovatele makroekonomické 
610 2 0 |a analýzy 
100 1 |a Rabatinová, Marcela, 1977-